000 01203nam a2200349 a 4500
001 000082201
005 20200120224708.0
008 161130s2014 ck ||||gr|||| 001 ||spa d
020 _a9789584242167
020 _a9584242164
041 0 _/-spa
043 _ae-sp---
090 _aAN
_bMURHAu
100 1 _aMurakami, Haruki
245 1 0 _aUnderground :
_bel atentado con gas sarín en el metro de Tokio y la psicología japonesa /
_cHaruki Murakami ; traducción de Fernando Cordobés y Yoko Ogihara.
250 _a1a. ed.
260 _aBarcelona :
_bTusquets Editores,
_c2014.
300 _a557 páginas.
490 0 _aColección Andanzas
_v841
500 _aIncluye índice
650 1 7 _aLiteratura adulta japonesa
_2LEMB
650 2 7 _aNovela adulta japonesa
_2LEMB
650 2 7 _aAtaque con gas en la literatura
_2LEMB
650 2 7 _aMuerte en la literatura
_2LEMB
650 2 7 _aAtentados en la literatura
_2LEMB
650 2 7 _aSufrimiento en la literatura
_2LEMB
650 2 7 _aTerrorismo en la literatura
_2LEMB
650 2 7 _aPsicología en la literatura
_2LEMB
651 7 _aTokio en la literatura
700 1 _aCordobés, Fernando,
_etraductor
700 1 _aOgihara, Yoko,
_etraductor
999 _c10607
_d10607